| 000 | 01119 a2200301 4500 | ||
|---|---|---|---|
| 005 | 20260511130109.0 | ||
| 020 | _a9781405131346 | ||
| 020 | _a1405131349 | ||
| 050 | 0 | 0 |
_aRC372 _b.SHO 2005 |
| 100 | 1 |
_aShorvon, SImon D. _eauthor |
|
| 245 | 1 | 0 |
_aHandbook of epilepsy treatment / _cSimon Shorvon. |
| 250 | _aSecond edition. | ||
| 264 |
_aMassachusetts : _bBlackwell Publishing, _c2005 |
||
| 300 |
_axi, 304 pages : _billustrations ; |
||
| 336 |
_atext _btxt _2rdacontent |
||
| 337 |
_aunmediated _bn _2rdamedia |
||
| 338 |
_avolume _bnc _2rdacarrier |
||
| 504 | _aIncludes bibliographical references and index. | ||
| 505 | 0 | _a. | |
| 520 | _a. | ||
| 650 | 0 | _aEpilepsy | |
| 650 | 0 | _aAnticonvulsants | |
| 650 | 1 | 2 |
_aEpilepsy _xtherapy. |
| 856 | 4 | 2 |
_3Contributor biographical information _uhttp://catdir.loc.gov/catdir/enhancements/fy1011/2010015320-b.html |
| 856 | 4 | 2 |
_3Publisher description _uhttp://catdir.loc.gov/catdir/enhancements/fy1011/2010015320-d.html |
| 856 | 4 | 1 |
_3Table of contents only _uhttp://catdir.loc.gov/catdir/enhancements/fy1011/2010015320-t.html |
| 942 |
_2lcc _cBK _eSecond edition _h372 _iSHO _kRC |
||
| 999 |
_c11803 _d11803 |
||